书目信息 |
| 题名: |
新款轿车电控单元端子检测速查手册
|
|
| 作者: | 夏雪松 主编 | |
| 分册: | ||
| 出版信息: | 北京 化学工业出版社 2017.01 |
|
| 页数: | 354页 | |
| 开本: | 26cm | |
| 丛书名: | ||
| 单 册: | ||
| 中图分类: | U469.110.7-62 , U463.607-62 | |
| 科图分类: | ||
| 主题词: | 轿车--电子系统--控制系统--检测--手册 | |
| 电子资源: | ||
| ISBN: | 978-7-122-28649-9 | |
| 000 | 00872nam0 2200229 450 | |
| 001 | 4248 | |
| 005 | 20181011083404.96 | |
| 010 | @a978-7-122-28649-9@dCNY78.00 | |
| 100 | @a20170427d2017 em y0chiy50 ea | |
| 101 | 0 | @achi |
| 102 | @aCN@b110000 | |
| 105 | @aak z 000yy | |
| 200 | 1 | @a新款轿车电控单元端子检测速查手册@9xin kuan jiao che dian kong dan yuan duan zi jian ce su cha shou ce@f夏雪松主编 |
| 210 | @a北京@c化学工业出版社@d2017.01 | |
| 215 | @a354页@c图@d26cm | |
| 330 | @a本书根据新款轿车车型保有情况,搜集编译了12大车系的50多种车型的电控单元端子检测数据,汇编成一本维修资料,其中的素材均直接取材于新款轿车(2012-2015年款)的原厂资料。 | |
| 606 | 0 | @a轿车@x电子系统@x控制系统@x检测@j手册 |
| 690 | @aU469.110.7-62@v5 | |
| 690 | @aU463.607-62@v4 | |
| 701 | 0 | @a夏雪松@9xia xue song@4主编 |
| 801 | 0 | @aCN@b91MARC@c20170427 |
| 905 | @aMuseLib@dU463.607-62@e746 | |
| 新款轿车电控单元端子检测速查手册/夏雪松主编.-北京:化学工业出版社,2017.01 |
| 354页:图;26cm |
| ISBN 978-7-122-28649-9:CNY78.00 |
| 本书根据新款轿车车型保有情况,搜集编译了12大车系的50多种车型的电控单元端子检测数据,汇编成一本维修资料,其中的素材均直接取材于新款轿车(2012-2015年款)的原厂资料。 |
| ● |
| 相关链接 |
|
|
|
|
正题名:新款轿车电控单元端子检测速查手册
索取号:U463.607-62/746
 
预约/预借
| 序号 | 登录号 | 条形码 | 馆藏地/架位号 | 状态 | 备注 |
| 1 | 1124231 | 211242314 | 第二样本阅览室/ [索取号:U463.607-62/746] | 在馆 | |
| 2 | 1124232 | 211242323 | 第三借阅区/ [索取号:U463.607-62/746] | 在馆 | |
| 3 | 1124233 | 211242332 | 第三借阅区/ [索取号:U463.607-62/746] | 在馆 | |
| 4 | 1124234 | 211242341 | 第三借阅区/ [索取号:U463.607-62/746] | 在馆 | |
| 5 | 1124235 | 211242350 | 密集书库-物理学院/ [索取号:U463.607-62/746] | 在馆 |